| Tag |
First Indicator |
Second Indicator |
Subfields |
| LEADER |
00000cam a2200000 4500 |
| 001 |
in00000028578 |
| 005 |
20151007062738.0 |
| 008 |
740930s1940 enkacfh b 00010 eng u |
| 010 |
|
|
|a a 41000461
|
| 035 |
|
|
|a (OCoLC)01024783
|
| 035 |
|
|
|9 AAD5702AM
|
| 040 |
|
|
|c ITD
|d TXA
|d UtOrBLW
|
| 049 |
|
|
|a TXAM
|c [336470]
|
| 050 |
|
0 |
|a ML1700.D46
|b O7
|
| 092 |
|
|
|a 782.09
|b D414o
|
| 100 |
1 |
|
|a Dent, Edward J.
|q (Edward Joseph),
|d 1876-1957.
|
| 245 |
1 |
0 |
|a Opera... /
|c [by] Edward J. Dent.
|
| 264 |
|
1 |
|a Harmondsworth, Middlesex, Eng.,
|a New York :
|b Penguin books limited,
|c [1940]
|
| 300 |
|
|
|a 185 pages :
|b illustrations (including portrait, facsimiles) 16 plates on 8 . ;
|c 18 cm.
|
| 336 |
|
|
|a text
|b txt
|2 rdacontent
|
| 337 |
|
|
|a unmediated
|b n
|2 rdamedia
|
| 338 |
|
|
|a volume
|b nc
|2 rdacarrier
|
| 490 |
0 |
|
|a A "Pelican special"
|
| 500 |
|
|
|a Illustrated t.-p.
|
| 500 |
|
|
|a Added illustrated t.-p. has title: Opera; with nineteen illustrations from photographs and seventeen original decorations ... by Kay Ambrose.
|
| 500 |
|
|
|a "First published 1940."
|
| 504 |
|
|
|a Bibliography: pages 191-192.
|
| 650 |
|
0 |
|a Opera.
|
| 999 |
|
|
|a MARS
|
| 999 |
f |
f |
|s 0bd6f479-d3a8-3fae-8551-a9d3ac2ab43c
|i e3bdf601-9a3c-3bd4-9992-f92fe37c82eb
|t 0
|
| 952 |
f |
f |
|p ric
|a Texas A&M University
|b Rellis Campus
|c Joint Library Facility
|d Remote Storage
|t 0
|e ML1700.D46 O7
|h Library of Congress classification
|i unmediated -- volume
|m A14801170708
|
| 998 |
f |
f |
|a ML1700.D46 O7
|t 0
|l Remote Storage
|